[Event "BAN-chT2"]
[Site "Dhaka"]
[Date "2016.11.03"]
[Round "1.2"]
[White "Md, Asadujjaman"]
[Black "S M Zakir, Hossain"]
[Result "1/2-1/2"]
[WhiteElo "1853"]
[BlackElo "1638"]
[PlyCount "95"]
[EventDate "2016.11.03"]
[EventType "team-swiss"]
[EventRounds "7"]
[EventCountry "BAN"]
[SourceTitle "CBM 175 Extra"]
[Source "ChessBase"]
[SourceDate "2016.12.12"]
[SourceVersion "1"]
[SourceVersionDate "2016.12.12"]
[SourceQuality "1"]
[WhiteTeam "Bangladesh Police"]
[BlackTeam "Kasparov CC"]
[WhiteTeamCountry "BAN"]
[BlackTeamCountry "BAN"]

1. e4 d6 2. f4 Nf6 3. Nc3 g6 4. Nf3 Bg7 5. d4 Bg4 6. e5 dxe5 7. fxe5 Nd5 8. Be2 0-0 9. 0-0 e6 10. Ne4 Nd7 11. c4 N5b6 12. b4 a6 13. a4 Bf5 14. Ng3 Bg4 15. a5 Nc8 16. h3 Bxf3 17. Bxf3 c6 18. Be3 f5 19. Bf2 Qe7 20. Rb1 Rd8 21. Qc1 Nf8 22. Be3 Qe8 23. Rd1 h5 24. h4 Nh7 25. Kf2 Ne7 26. Ne2 Qf7 27. Rh1 Rac8 28. g3 Kh8 29. Rd1 Rd7 30. Nc3 Rdd8 31. Na4 Rf8 32. Nb6 Rcd8 33. Rd2 Ng8 34. Rc2 Rfe8 35. b5 f4 36. gxf4 axb5 37. cxb5 cxb5 38. Rxb5 Nh6 39. Rc7 Re7 40. Rc8 Rf8 41. d5 Bxe5 42. Rxf8+ Qxf8 43. fxe5 Rf7 44. Qh1 Ng4+ 45. Ke2 Nxe3 46. Kxe3 Qa3+ 47. Kf2 exd5 48. Rxd5 1/2-1/2